國文天地

資料類型: Ser 期刊   書目號:55191

Leader xxxxxxxxxx
001 __ PCLIS00055191
005 __ 20210816160936.0
011 __ |a1015-9975|b平裝|d每期NT$140
019 __ |a4712070147719|2EAN
100 __ |a20210208a19859999mk y0chiy09      e
101 0_ |achi
102 __ |atw
110 __ |aafaz    0yy0
200 1_ |a國文天地|dThe World of Chinese Language and Literature|e|f國文天地雜誌社
207 _0 |a第36卷第8期(2021年1月)—
210 __ |a臺北市|c國文天地雜誌社|d2021-  [民110-  ]
215 0_ |a|c圖, 表|d26公分
225 __ |a|v
300 __ |a1985年6月1日創刊
300 __ |a自第34卷起與福建師範大學文學院合作編輯出版
301 __ |a4712070147719
320 __ |a
326 __ |a月刊
510 1_ |aThe world of Chinese language and literature|zeng
681 __ |a820.5|b8567
700 __ |a|b|4
710 01 |a國文天地雜誌社
801 _0 |atw|b內湖高中|c20210208|gCCR
856 42 |uhttps://tpl.ncl.edu.tw/NclService/JournalContent?q%5B0%5D.i=%E5%9C%8B%E6%96%87%E5%A4%A9%E5%9C%B0&q%5B0%5D.f=JT&q%5B1%5D.o=0&q%5B1%5D.i=&q%5B1%5D.f=*&lang=&pys=2021&pms=1&pye=2021&pme=12|z2021年篇目查詢-連至國圖期刊文獻資訊網
856 42 |uhttps://tpl.ncl.edu.tw/NclService/JournalContent?q%5B0%5D.i=%E5%9C%8B%E6%96%87%E5%A4%A9%E5%9C%B0&q%5B0%5D.f=JT&q%5B1%5D.o=0&q%5B1%5D.i=&q%5B1%5D.f=*&lang=&pys=2022&pms=1&pye=2022&pme=12|z2022年篇目查詢-連至國圖期刊文獻資訊網
  
  
  
  
  
  
  
  
  
詳細館藏 21-30 筆 (共 36 筆)
索 書 號登 錄 號冊次號館別 / 館藏地流通類型狀態加入預約清單電子資源
820.5 / 8567 31104109 V.38 N.4 P.448 SEP 2022 圖書館 / 一樓期刊區 可外借30天 在館   
820.5 / 8567 31104110 V.38 N.5 P.449 OCT 2022 圖書館 / 一樓期刊區 可外借30天 在館   
820.5 / 8567 31104111 V.38 N.6 P.450 NOV 2022 圖書館 / 一樓期刊區 可外借30天 在館   
820.5 / 8567 31104112 V.38 N.7 P.451 DEC 2022 圖書館 / 一樓期刊區 可外借30天 在館   
820.5 / 8567 31204101 V.38 N.8 P.452 JAN 2023 圖書館 / 一樓期刊區 可外借30天 在館   
820.5 / 8567 31204102 V.38 N.9 P.453 FEB 2023 圖書館 / 一樓期刊區 可外借30天 在館   
820.5 / 8567 31204103 V.38 N.10 P.454 MAR 2023 圖書館 / 一樓期刊區 可外借30天 在館   
820.5 / 8567 31204104 V.38 N.11 P.455 APR 2023 圖書館 / 一樓期刊區 可外借30天 在館   
820.5 / 8567 31204105 V.38 N.12 P.456 MAY 2023 圖書館 / 一樓期刊區 可外借30天 在館   
820.5 / 8567 31204106 V.39 N.1 P.457 JUN 2023 圖書館 / 一樓期刊區 可外借30天 在館   

切換至館藏 第 1, 2, 3, 4

| 條列資料




目錄查詢 分類查詢 個人資料 圖書薦購 新書查詢 閉館日 排行榜 更多電子資源 Hami書城 線上資料庫 登出

From : 216.73.217.117

  本日流通累計至 19:15:47 借閱 : 0 次 續借 : 0 次 歸還 : 0 次 預約 : 0 次 電子資源 : 0 次


內湖高中圖書館  PCLIS 版本  25.5.0.2